Customer Relationship Management (Record no. 2952)

MARC details
000 -LEADER
fixed length control field 00399nam a22001697a 4500
005 - DATE AND TIME OF LATEST TRANSACTION
control field 20160616124747.0
008 - FIXED-LENGTH DATA ELEMENTS--GENERAL INFORMATION
fixed length control field 160616b xxu||||| |||| 00| 0 eng d
020 ## - INTERNATIONAL STANDARD BOOK NUMBER
ISBN 0-07-043504-9
041 ## - LANGUAGE CODE
Language code of text/sound track or separate title eng
082 ## - DEWEY DECIMAL CLASSIFICATION NUMBER
Item number 7983
100 ## - MAIN ENTRY--AUTHOR NAME
Personal name Sheth Jagdish and others
245 ## - TITLE STATEMENT
Title Customer Relationship Management
260 ## - PUBLICATION, DISTRIBUTION, ETC. (IMPRINT)
Name of publisher TMH
Year of publication 2004
300 ## - PHYSICAL DESCRIPTION
Number of Pages 532
650 ## - SUBJECT ADDED ENTRY--TOPICAL TERM
Topical Term Management
942 ## - ADDED ENTRY ELEMENTS (KOHA)
Koha item type Books
Holdings
Lost status Damaged status Collection code Home library Current library Shelving location Date acquired Cost, normal purchase price Full call number Accession Number Koha item type
    MANAGEMENT JRU Library   SHELF- 66 J 16/06/2016 550.00 7983 7983 Books